| 000 | 00972nam a22003377a 4500 | ||
|---|---|---|---|
| 001 | BR0402000 | ||
| 003 | BR-BrBNA | ||
| 005 | 20230928101604.0 | ||
| 007 | ta | ||
| 008 | 230509b bl.||||| |||| 00| 0 por d | ||
| 040 |
_aBR-BrBNA _bpor _cBiblioteca Nacional de Agricultura |
||
| 041 | _a(Por) | ||
| 072 | _aK10 | ||
| 090 | _ K10 BR0402000 | ||
| 100 | 1 | _aMiranda, P. de A. | |
| 100 | 1 | _aGuillaumet, J.L. | |
| 100 | 1 | _aBarbosa, E.M. | |
| 100 | 1 | _aRodrigues, M. do R.L. | |
| 100 | 1 | _aSilva, M.F.F. da(eds.) | |
| 110 | 1 | _aInstituto Nacional de Pesquisas da Amazônia, Manaus, AM (Brasil) | |
| 245 | 1 | _aEcossistemas florestais em áreas manejadas na Amazônia | |
| 260 | 3 |
_aManaus, AM (Brasil): _c2003. |
|
| 300 | _a305 p. | ||
| 500 | _aSeveral bibliographyp; 60 illus.; 36 tables | ||
| 650 | _aRECURSO FLORESTAL | ||
| 650 | _aECOSSISTEMA | ||
| 650 | _aMANEJO FLORESTAL | ||
| 650 | _aAMAZÔNIA | ||
| 909 |
_a202309 _bLucia _c55 _dLucia Elande |
||
| 942 | _cBK | ||
| 999 |
_c66581 _d66581 |
||